000 00643nam a2200205 a 4500
001 21779
003 CO-ViMGA
008 141112s2004 ck r 000 u spa d
020 _a9802573019
040 _aCO-ViMGA
_bspa
_cCO-ViMGA
082 0 4 _aPLAu
100 1 _aPlace, Francois
_931067
245 1 0 _aLos últimos gigantes
260 _aCaracas :
_bEkare,
_c1998
300 _a78
590 _aForma de adquisición : Donación fact. 8863 - - Precio : 39000 - - Proveedor : Fundación exito - - Fecha de adquisición : Julio 2007
650 1 4 _aCUENTOS INFANTILES
_92743
650 1 4 _aGIGANTES - CUENTOS INFANTILES
_931068
942 _2ddc
_cBK
999 _c30330
_d30330